| 000 | 00370nam a2200145Ia 4500 | ||
|---|---|---|---|
| 008 | 230312s9999||||xx |||||||||||||| ||und|| | ||
| 020 | _a1-60059-168-6 | ||
| 082 |
_a709.04082 _bCHR-M |
||
| 100 | _aChristiansen;Jim | ||
| 245 | 0 | _aMasters: major works by leading artists | |
| 260 |
_bLark book _aNew york _c2009 |
||
| 300 | _a330 | ||
| 650 | _aArchitecture | ||
| 942 | _cBK | ||
| 999 |
_c12051 _d12051 |
||